00517nam a2200133Ia 4500008004100000041000800041082002700049100002100076245002900097260003700126300001000163999001900173952019100192230411s9999 xx 000 0 und d aeng aCH/610.7343/BAS/B04262 aBasavanthappa BT aCommunity Health Nursing bJaypee BrothersaNew Delhic2007 a1088p c154962d154962 001040708CHaBTINbBTINd2007-11-21eB.J.Medical Co-oprative College Storesg495.00i1588l0oCH 610.7343 BAS B04262pBTIN-BK-4262r2023-04-11 00:00:00v371.00w2007-11-21yBKzB04262